00515 2200169 4500001002100000008004100021035002000062245007000082100002100152260003400173300003100207020002200238084001600260082001000276650004600286990001300332INLIS000000000000260 ind  a0010-0120000260 aAkidah Akhlakbuntuk MTS Kelas VIIcEntang Suherman dan Nurlailah aSuherman, Entang aBandung :bYrama Widya,c2016 ax, 182 hlm.c20 x 26,5 cm. a978-602-374-265-3 a2X5.1 SUH a a2X5.1 aAkidah dan Akhlak -- Studi dan Pengajaran a21900260